Central Library and Information Centre
Sibsagar Girls' College, Sivasagar : Assam

FOOD SCIENCE AND NUTRITION (Record no. 9795)

MARC details
000 -LEADER
fixed length control field 00400cam a2200169ua 4500
008 - FIXED-LENGTH DATA ELEMENTS--GENERAL INFORMATION
fixed length control field 120407n2000 II |||gr||||Z||||||eng
040 ## - CATALOGING SOURCE
Original cataloging agency MAIN
041 ## - LANGUAGE CODE
-- English
082 ## - DEWEY DECIMAL CLASSIFICATION NUMBER
Classification number 640 KAU
100 ## - MAIN ENTRY--PERSONAL NAME
Personal name KAUSIK, VIJAY.
245 ## - TITLE STATEMENT
Title FOOD SCIENCE AND NUTRITION
260 ## - PUBLICATION, DISTRIBUTION, ETC.
Place of publication, distribution, etc. JAIPUR
Name of publisher, distributor, etc. MANGAL DEEP PUBLICATIONS
Date of publication, distribution, etc. 2000
300 ## - PHYSICAL DESCRIPTION
Extent 197.
942 ## - ADDED ENTRY ELEMENTS (KOHA)
Koha item type Books
653 ## - INDEX TERM--UNCONTROLLED
Uncontrolled term Home & family management
Holdings
Withdrawn status Lost status Damaged status Not for loan Collection code Home library Current library Shelving location Date acquired Full call number Barcode Date last seen Copy number Price effective from Koha item type Public note
Withdrawn       REFHMSC Central Library and Information Centre Sibsagar Girls College Central Library and Information Centre Sibsagar Girls College Withdraw items 21.07.2000 640 KAU 16825 27.02.2020 1 27.02.2020 Books V


Sibsagar Girl's College © 2020. All rights reserved.
Powered by Koha.
Maintained by Abhijit Borpuzari.